000
00194 a2200097 4500
001
43364
100
_a
Ridley
245
_a
Othello
260
_a
London
_b
Methuen & Co
_c
090
_c
27201
_d
27201
942
_a
NUST-CAE
_c
M
_c
19116
999
_c
278437
_d
278437